000 01957nam a2200313 i 4500
005 20250329165435.0
007 ta
008 190415s2022 000 0 eng d
040 _aCO-CtgCURN
_bspa
_ccoctgcurn
_erda
082 0 _aENF 2022
_bF634
100 1 _aFlórez Cortina, Elizabeth,
_eauthor.
_4aut
245 1 0 _aConocimientos y actitudes sobre interrupción voluntaria del embarazo en estudiantes del área de la salud de una Institución de educación superior. /
_cElizabeth Flórez Cortina; Marisol Sumoza Zuluaga; Laura Vanessa Olivo Barragán; Ashley Paola Evans Acosta; asesoras: Diana Carolina Marsiglia López Leisly Sofía Beleño Pinedo.
260 _aCartagena de Indias :
_bCorporación Universitaria Rafael Núñez,
_c2022.
300 _a141 hojas.
336 _atext
_btxt
_2rdacontent
337 _aunmediated
_bn
_2rdamedia
338 _avolume
_bnc
_2rdacarrier
504 _aTrabajo de grado (Enfermera). Corporación Universitaria Rafael Nuñez. Facultad de Ciencias de la Salud. Programa de Enfermería, 2022.
520 _a"La práctica de la interrupción voluntaria del embarazo (IVE) ha estado siempre presente de forma segura o insegura. Tiene especial importancia y resulta fundamental que los futuros profesionales de la salud estn actualizados sobre las distintas normativas en torno a la IVE al enfrentarse a su práctica profesional. "
650 0 _aEnfermería
_vTesis y disertaciones academicas.
700 1 _aOlivo Barragán, Laura Vanessa.
700 1 _aEvans Acosta, Ashley Paola.
700 1 _aSumoza Zuluaga, Marisol.
700 1 _aMarsiglia López, Diana Carolina,
_easesora.
700 1 _aBeleño Pinedo, Leisly Sofía,
_easesora.
856 _uhttps://unicurn.sharepoint.com/:b:/s/biblioteca/EaI2_SvfNvdAp_i9sJ15uVgB4b4dHqmIgsITnUTLpgzquw?e=IR9UZk
_zDe click para ver el texto completo
942 _2ddc
_cTG
_hENF 2022
_iF634
999 _c4091
_d4091